000 00923nam a22002417a 4500
008 081212t xxu||||| |||| 00| 0beng d
010 _aENG-97911
020 _c245.00
_a9788178124285
035 _aEN-81444
037 _bDBAD / PUB
040 _adpl
_bEnglish
082 _a540
100 _93724
245 _aR. Gupta's popular master guide IFS Indian forest service examination Chemistry:
_bincluding paper I & II /
_cconducted by union public service commission (UPSC)
260 _aNew Delhi
_bRamesh Publishing House,
_c2011
270 _a12-H, New Daryaganj Road, Opp. Traffic Kotwali,
_bNew Delhi
_e110002
300 _a288p.
_c24cm (pbk)
600 _aBaba Visakha Singh
_xBiography.
_93725
650 _95193
_aChemistry
700 _94917
942 _2ddc
_cEN
_mRGU
_h540
999 _c39041
_d39041